Zimowe Igrzyska Olimpijskie 2026 - Statystyki

Ogólne statystyki
  • Ten quiz został rozwiązany 98 razy
    84 od ostatniego zresetowania
  • Średni wynik to 8 z 16
Statystyki odpowiedzi
Pytanie Odpowiedź % Poprawnych
W jakim kraju odbędą się Zimowe Igrzyska Olimpijskie 2026? Włochy
98%
Jakie miasta są głównymi gospodarzami igrzysk 2026? Mediolan i Cortina d’Ampezzo
69%
Jaki sport używa szczotek? Curling
64%
Jaki sport zimowy wykorzystuje kij i krążek? Hokej
64%
Jak często odbywają się zimowe igrzyska olimpijskie? Co 4 lata
63%
W którym roku MKOl przyznał organizację igrzysk zimowych 2026 Włochom? 2019
61%
Jaki symbol zapalany jest podczas ceremonii otwarcia igrzysk? Znicz olimpijski
61%
Która dyscyplina łączy jazdę na nartach biegowych i strzelanie do tarczy? Biathlon
58%
Ile lat minie między ostatnimi zimowymi igrzyskami, które odbyły się we Włoszech? 20 lat
55%
Jak nazywa się miejsce zakwaterowania sportowców? Wioska olimpijska
53%
Jak nazywa się dyscyplina narciarska, w której łączy się skoki narciarskie i bieg narciarski? Kombinacja norweska
50%
Jak nazywa się ceremonia rozpoczynająca igrzyska olimpijskie? Ceremonia otwarcia
41%
Jak nazywa się organizacja odpowiedzialna za igrzyska olimpijskie? MKOl
36%
Jak nazywa się oficjalnie Zimowa Olimpiada 2026? Mediolan–Cortina 2026
28%
Jak nazywa się tor, na którym rozgrywa się bobsleje, saneczkarstwo i skeleton? Tor lodowy
3%
W jakiej miejscowości będą rozgrywane konkurencje narciarstwa alpejskiego? Cortinie d’Ampezzo
0%
Nie znaleziono quizów pasujących do podanych kryteriów
Rozkład punktacji
Procent ludzi z każdym wynikiem
Percentyl według liczby udzielonych odpowiedzi
Twoja historia wyników
Nie rozwiązałeś tego quizu od ostatniego zresetowania